Current UK Cabinet - Statistics

General Stats
  • This quiz has been taken 1,310 times
    406 since last reset
  • The average score is 10 of 26
Answer Stats
Hint Answer % Correct
Prime Minister Boris Johnson
99%
Chancellor of the Exchequer Rishi Sunak
90%
Secretary of State for the Home Department Priti Patel
85%
Secretary of State for Foreign and Commonwealth Affairs Dominic Raab
74%
Secretary of State for Health Matthew Hancock
73%
Chancellor of the Duchy of Lancaster Michael Gove
72%
Secretary of State for International Trade Liz Truss
61%
Secretary of State for Education Gavin Williamson
58%
Leader of the House of Commons Jacob Rees-Mogg
56%
Secretary of State for Defence Ben Wallace
47%
Secretary of State for Transport Grant Shapps
42%
Secretary of State for Work and Pensions Therese Coffey
32%
Secretary of State for Digital, Culture, Media and Sport Oliver Dowden
28%
Secretary of State for Business, Energy and Industrial Strategy Alok Sharma
27%
Secretary of State for Communities and Local Government Robert Jenrick
27%
Secretary of State for the Enviroment, Food and Rural Affairs George Eustice
24%
Secretary of State for Justice Robert Buckland
24%
Secretary of State for Scotland Alister Jack
20%
Secretary of State for Northern Ireland Brandon Lewis
19%
Chief Secretary to the Treasury Stephen Barclay
18%
Chip Whip in the House of Commons Mark Spencer
12%
Secretary of State for Wales Simon Hart
12%
Leader of the House of Lords Baroness Evans of Bowes Park
11%
Secretary of State for International Development Anne-Marie Trevelyan
10%
Minister Without Portfolio Amanda Milling
8%
Attorney General Suella Braveman
5%
No matching quizzes found
Score Distribution
Percent of People with Each Score
Percentile by Number Answered
Your Score History
You have not taken this quiz since the last reset